000 00798nam a2200277 a 4500
999 _c9745
_d9745
001 9745
003 BD-JhCC
005 20180324174234.0
008 970820s1968 enk b 000 0 eng d
020 _a1853994391
035 _a(BD-JhCC)9745
040 _aBD-JhCC
_cDLM
_dBD-JhCC
041 _aeng
082 _a891.723
_bMAR 1968
090 _aPG3332.R4
_bB47x 1997
100 1 _aMarsh, Edward O.
_d1926-.
245 1 0 _aGogol The government inspector /
_cEdward O. Marsh and Jeremy Brooks
246 3 0 _aGovernment inspector
260 _aLondon :
_bMethuen & Co Ltd,,
_c1968
300 _a106 p. ;
_c18 cm.
504 _aIncludes bibliography's (p. 86-91) and index.
650 _aRussian Drama
830 0 _aCritical studies in Russian literature
942 _2ddc
_cBK